000 00652nam a2200121Ia 4500
008 220615s9999||||xx |||||||||||||| ||und||
100 _aHolley, Robert P.
245 0 _aSelf-Publishing and Collection Development
_bOpportunities and Challenges for Libraries
546 _aEnglish[eng]
650 _aInformation Science||Academic library||Amazon (company)||E-book||Public library||Publishing||Self-publishing||Smashwords
856 _uhttps://library.oapen.org/bitstream/20.500.12657/31642/1/626378.pdf||https://library.oapen.org/bitstream/20.500.12657/31642/1/626378.pdf||https://library.oapen.org/bitstream/20.500.12657/31642/1/626378.pdf
942 _cEB
999 _c17742
_d17742